NFL Top 10 Running Backs 2025 - Statistics

General Stats
  • This quiz has been taken 363 times
  • The average score is 7 of 13
Answer Stats
Hint Answer % Correct
#1 Saquon Barkley
91%
#3 Jahmyr Gibbs
90%
#2 Derrick Henry
84%
#4 Bijan Robinson
77%
#7 Christian McCaffrey
75%
#6 Josh Jacobs
66%
#5 Jonathan Taylor
65%
#9 James Cook
59%
Honorable Mention Alvin Kamara
42%
#8 Joe Mixon
41%
Honorable Mention James Conner
33%
#10 Bucky Irving
8%
Honorable Mention Tony Pollard
1%
No matching quizzes found
Score Distribution
Percent of People with Each Score
Percentile by Number Answered
Your Score History
You have not taken this quiz